000 00931nam a2200157Ia 4500
005 20250117103518.0
008 250117s9999 xx 000 0 und d
082 _a353.01WIL
100 _aWilson, James Q.
245 0 _aBureaucracy
_bwhat government agencies do and why they do it
260 _c1989
300 _axiv, 433 p. ; 25 cm.
500 _aIncludes bibliographical references (p. 379-408).
520 _aBureaucracy is the classic study of the way American government agencies work and how they can be made to work better. Examining a wide range of bureaucracies, including the Army, the FBI, the FCC, and the Social Security Administration, James Q. Wilson provides the first comprehensive, in-depth analysis of what government agencies do, why they function as they do, and how they might become more responsible and effective. With a new introduction by the author.
650 _aAdministrative agencies -United States.
999 _c1255
_d1255